|
|
|
|
| LEADER |
00000nam a2200000 a 4500 |
| 001 |
vtls010173488 |
| 003 |
SK-MaSNL |
| 005 |
20260301031122.0 |
| 008 |
240315|2010 xo oa c 000 0dslo |
| 015 |
|
|
|a SNBA2012/01-00016
|
| 020 |
|
|
|a 9788080893514
|q (viaz.)
|
| 035 |
|
|
|a 8BB4822F-8C2E-4576-8A81-F9EE3A2A9FB4
|
| 035 |
|
|
|a urn:nbn:sk:snk-amjx13
|
| 035 |
|
|
|a urn:nbn:sk:snk-am007zlf
|
| 040 |
|
|
|a SNK
|b slo
|c SNK
|e AACR2
|
| 041 |
1 |
|
|a slo
|h cze
|
| 044 |
|
|
|a xo
|c SK
|
| 072 |
|
7 |
|a 641
|x Kuchárstvo. Potraviny. Varené jedlá
|2 konspekt
|
| 072 |
|
7 |
|a 0/9-053.2
|x Literatúra pre deti a mládež (náučná)
|2 konspekt
|
| 080 |
|
|
|a 641.55
|2 2001
|
| 080 |
|
|
|a (083.12)
|2 2001
|
| 080 |
|
|
|a (0.053.2)
|2 2001
|
| 100 |
1 |
|
|a Rytířová, Helena,
|d 1951-
|4 aut
|9 142325
|
| 240 |
1 |
0 |
|a Kuchařka pro kluky a holky
|l Slovensky
|
| 245 |
1 |
0 |
|a Kuchárska kniha pre chlapcov a dievčatá
|b podľa čarodejnice Jonatánky
|c Helena Rytířová ; [z českého originálu preložil Ján Ďurčo]
|
| 250 |
|
|
|a 1. vyd.
|
| 260 |
|
|
|a Bratislava
|b Fragment
|c 2010
|
| 300 |
|
|
|a 59 s.
|b fareb. fotogr. a ilustr.
|c 28 cm
|
| 650 |
0 |
7 |
|a jedlá
|2 SNKPH
|
| 650 |
0 |
7 |
|a menu
|2 SNKPHeng
|9 326088
|
| 655 |
|
7 |
|a kuchárske recepty
|2 SNKPH
|9 70493
|
| 655 |
|
7 |
|a publikácie pre deti
|2 SNKPH
|9 70148
|
| 655 |
|
7 |
|a Cookbooks
|2 SNKPHeng
|9 270340
|
| 655 |
|
7 |
|a Children's literature
|2 SNKPHeng
|9 276039
|
| 700 |
1 |
|
|a Ďurčo, Ján
|4 trl
|9 313486
|
| 852 |
|
|
|a Štátna vedecká knižnica v Banskej Bystrici
|
| 919 |
|
|
|a 978-80-8089-351-4
|
| 958 |
|
|
|a OND
|
| 958 |
|
|
|a OP
|
| 958 |
|
|
|a DB
|
| 968 |
|
|
|b ČES
|d 64
|
| 999 |
|
|
|c 575968
|d 577898
|
| 952 |
|
|
|a SNK
|b SNK
|y PREZ
|7 0
|p 17A0684261
|o snkSB 80704
|i snk2011/326
|8 0
|0 0
|1 0
|4 0
|d 2011-01-07
|f 1
|l 0
|r 2025-05-05 00:00:00
|w 2026-02-23
|
| 952 |
|
|
|a SNK
|b SNK
|y VYP
|7 0
|p 17A0684262
|o snkSB 80704 D1
|i snk2011/327
|8 0
|0 0
|1 0
|4 0
|d 2011-01-07
|l 0
|r 2016-06-30 00:00:00
|w 2026-02-23
|